Deep learning with python

Deep Learning with Python (3rd Edition) by François Chollet provides a practical introduction to deep learning using Python. It explains core concepts from first principles and demonstrates their implementation with modern frameworks like Keras, TensorFlow, PyTorch, and JAX. The book covers applicat...

وصف كامل

محفوظ في:
التفاصيل البيبلوغرافية
المؤلف الرئيسي: Chollet, Francois
مؤلفون آخرون: Watson, Matthew
التنسيق: كتاب
اللغة:الإنجليزية
منشور في: New York: Manning Publications, 2026
الطبعة:3rd ed.
الموضوعات:
الوسوم: إضافة وسم
لا توجد وسوم, كن أول من يضع وسما على هذه التسجيلة!

MARC

LEADER 00000nam a22000007a 4500
003 OSt
005 20260527061644.0
008 260527b |||||||| |||| 00| 0 eng d
020 |a 9781633436589 
100 |a Chollet, Francois 
245 |a Deep learning with python 
250 |a 3rd ed. 
260 |a New York:  |b Manning Publications,  |c 2026 
300 |a xxii, 621p. 
520 |a Deep Learning with Python (3rd Edition) by François Chollet provides a practical introduction to deep learning using Python. It explains core concepts from first principles and demonstrates their implementation with modern frameworks like Keras, TensorFlow, PyTorch, and JAX. The book covers applications such as image processing, time series forecasting, and natural language tasks. It also explores advanced topics including large language models and generative AI. Designed for learners, it emphasizes building, tuning, and scaling deep learning models. 
650 |a  Computer science 
650 |a Artificial Intelligence 
700 |a Watson, Matthew 
942 |c BK 
999 |c 135  |d 135